书目信息 |
| 题名: |
无标度网络及其应用
|
|
| 作者: | 关峻 , 蒋同明 著 | |
| 分册: | ||
| 出版信息: | 北京 科学出版社 2013 |
|
| 页数: | 299页 | |
| 开本: | 24cm | |
| 丛书名: | ||
| 单 册: | ||
| 中图分类: | O157.5 | |
| 科图分类: | ||
| 主题词: | 无标度性--网络理论 , 无标度性 , 网络理论 | |
| 电子资源: | ||
| ISBN: | 978-7-03-038018-0 | |
| 000 | 01124nam0 2200277 450 | |
| 001 | 523 | |
| 005 | 20140910083716.43 | |
| 010 | @a978-7-03-038018-0@dCNY98.00 | |
| 100 | @a20130807d2013 em y0chiy50 ea | |
| 101 | 0 | @achi |
| 102 | @aCN@b110000 | |
| 105 | @aa z 000yy | |
| 106 | @ar | |
| 200 | 1 | @a无标度网络及其应用@AWu Biao Du Wang Luo Ji Qi Ying Yong@f关峻,蒋同明著@FGuan Jun, Jiang Tong Ming Zhu |
| 210 | @a北京@c科学出版社@d2013 | |
| 215 | @a299页@c图@d24cm | |
| 300 | @a北京工业大学211学科建设成果 获教育部高校博士点基金项目和北京市教育委员会社科计划重点项目的支持 | |
| 330 | @a本书分上、中、下三篇。上篇是理论基础;中篇基于无标度网络视角,对复杂生态系统具有的网络特征和系统特性加以分析和研究;下篇从无标度网络角度出发,重点针对科技园区创新网络的形成机理进行剖析,并强调其动态性,最后对中关村软件园创新网络的动态演化过程加以研究。 | |
| 606 | 0 | @a无标度性@x网络理论 |
| 606 | 0 | @a无标度性 |
| 606 | 0 | @a网络理论 |
| 690 | @aO157.5@v5 | |
| 701 | 0 | @a关峻@AGuan Jun@f(1967~)@4著 |
| 701 | 0 | @a蒋同明@AJiang Tong Ming@f(1979~)@4著 |
| 801 | 0 | @aCN@bTANGWEI@c20140603 |
| 905 | @b0838720-22@dO157.5@e101@f3 | |
| 无标度网络及其应用/关峻,蒋同明著.-北京:科学出版社,2013 |
| 299页:图;24cm |
| 北京工业大学211学科建设成果 获教育部高校博士点基金项目和北京市教育委员会社科计划重点项目的支持 |
| ISBN 978-7-03-038018-0:CNY98.00 |
| 本书分上、中、下三篇。上篇是理论基础;中篇基于无标度网络视角,对复杂生态系统具有的网络特征和系统特性加以分析和研究;下篇从无标度网络角度出发,重点针对科技园区创新网络的形成机理进行剖析,并强调其动态性,最后对中关村软件园创新网络的动态演化过程加以研究。 |
| ● |
| 相关链接 |
|
|
|
|
正题名:无标度网络及其应用
索取号:O157.5/101
 
预约/预借
| 序号 | 登录号 | 条形码 | 馆藏地/架位号 | 状态 | 备注 |
| 1 | 0838720 | 208387208 | 第二样本阅览室/ [索取号:O157.5/101] | 在馆 | |
| 2 | 0838721 | 208387217 | 第三借阅区/ [索取号:O157.5/101] | 在馆 | |
| 3 | 0838722 | 208387226 | 密集书库-数信学院/ [索取号:O157.5/101] | 在馆 |